000 01024nam a22002417a 4500
999 _c64232
_d64232
005 20190219134107.0
008 080814t xxu||||| |||| 00| 1 eng d
010 _aB-448496-504
020 _a9780143029663
_c399.00
035 _aB-448496-504, B-215992, B-215994
037 _bBPPD/KKP
040 _aDPL
_bENG
082 _a954.41
245 _aBombay, meri jaan:
_cedited by Jerry Pinto [and] Naresh Fernandes
_bwrittings on Mumbai /
260 _aNew Delhi
_bPenguin Books
_c2003
270 _a11, Community Centre, Panchsheel Park,
_bNew Delhi
_e110017
300 _axii, 348p.
_c22cm. (pbk)
700 _aPinto, Jerry
_944073
700 _aFernandes, Naresh
_944074
942 _2ddc
_cEN
_h954.41
_mBOM